MARC

Tag First Indicator Second Indicator Subfields
LEADER 00000cam a2200000 a 4500
001 in00000012866
005 20230802091600.0
008 900214s1987 enkae b 100 0 eng
015 |a GB9016737  |2 bnb 
015 |a 88,A11,0749  |2 dnb 
016 |a (AMICUS)000007821944 
016 7 |a 871488876  |2 DE-101 
016 7 |a BA12797344  |2 JP-ToKJK 
019 |a 17667222  |a 506841723 
020 |a 3598217692 
020 |a 9783598217692 
029 1 |a AU@  |b 000005748747 
029 1 |a AU@  |b 000023906227 
029 1 |a GBVCP  |b 024107212 
029 1 |a NLC  |b 000007821944 
029 1 |a NZ1  |b 3285426 
029 1 |a NZ1  |b 481550 
029 1 |a UNITY  |b 001869035 
035 |a (OCoLC)ocm21229468  
035 |a (OCoLC)21229468  |z (OCoLC)17667222  |z (OCoLC)506841723 
035 |a (OCoLC)ocm21229468  
040 |a UKM  |b eng  |c UKM  |d B2Q  |d DIBAM  |d NLGGC  |d BAKER  |d CUY  |d YDXCP  |d AU@  |d GBVCP  |d BLBSF  |d ZWZ  |d OCLCF  |d BEDGE  |d OCLCQ  |d OCLCO  |d FC@  |d OCLCQ  |d CSJ  |d NLC  |d NJR  |d OCLCQ  |d OCLCA  |d OCLCQ  |d OCLCO  |d OKS  |d OCLCO  |d OCL 
050 4 |a Z679  |b .A324 1987 
055 1 |a Z679 
082 0 4 |a 727.8  |2 20 
084 |a 06.51  |2 bcl 
084 |a 56.47  |2 bcl 
084 |a 56.84  |2 bcl 
084 |a 45  |a 02  |2 sdnb 
245 0 0 |a Adaptation of buildings to library use :  |b proceedings of the seminar held in Budapest, June 3-7, 1985 /  |c edited by Michael Dewe. 
260 |a München ;  |a London :  |b Saur,  |c 1987. 
300 |a 254 pages :  |b illustrations, plans ;  |c 22 cm 
336 |a text  |b txt  |2 rdacontent 
337 |a unmediated  |b n  |2 rdamedia 
338 |a volume  |b nc  |2 rdacarrier 
490 1 |a IFLA publications,  |x 0344-6891 ;  |v 39 
504 |a Includes bibliographical references. 
650 0 |a Library architecture. 
650 0 |a Library buildings  |x Congresses. 
650 0 |a Public buildings  |x Remodeling for other use  |x Congresses. 
650 6 |a Bibliothèques (Édifices)  |x Congrès. 
650 6 |a Bâtiments publics  |x Reconversion  |x Congrès. 
650 6 |a Bibliothèques  |x Architecture  |x Congrès. 
650 6 |a Architecture des bibliothèques. 
650 7 |a libraries (buildings)  |2 aat 
650 7 |a UE/CE Etats membres.  |2 eclas 
650 7 |a Congrès.  |2 eclas 
650 7 |a Bâtiments.  |2 eclas 
650 7 |a Bibliothèques.  |2 eclas 
651 7 |a Europe.  |2 eclas 
650 7 |a Public buildings  |x Remodeling for other use.  |2 fast  |0 (OCoLC)fst01082154 
650 7 |a Library buildings.  |2 fast  |0 (OCoLC)fst00997647 
650 7 |a Library architecture.  |2 fast  |0 (OCoLC)fst00997633 
650 1 7 |a Herbestemming.  |2 gtt 
650 1 7 |a Gebouwen.  |2 gtt 
650 1 7 |a Bibliotheekgebruik.  |2 gtt 
650 7 |a Bibliothèques  |x aménagement de l'espace.  |2 ram 
650 7 |a Bibliothèques  |x Constructions.  |2 ram 
650 7 |a Constructions  |x Reconversion  |x Congrès.  |2 ram 
650 7 |a ARQUITECTURA DE BIBLIOTECAS  |x CONGRESOS.  |2 renib 
650 7 |a EDIFICIOS DE BIBLIOTECAS  |x CONGRESOS.  |2 renib 
653 |a Libraries  |a Buildings  |a Planning & architecture 
655 7 |a Conference papers and proceedings.  |2 fast  |0 (OCoLC)fst01423772 
700 1 |a Dewe, Michael,  |d 1940- 
776 0 8 |i Online version:  |t Adaptation of buildings to library use.  |d München ; London : Saur, 1987  |w (OCoLC)575522599 
776 0 8 |i Online version:  |t Adaptation of buildings to library use.  |d München ; London : Saur, 1987  |w (OCoLC)608714230 
830 0 |a IFLA publications ;  |v 39.  |x 0344-6891 
856 4 2 |3 French equivalent / Équivalent français  |u https://bac-lac.on.worldcat.org/oclc/424078309  |t 0 
938 |a Baker & Taylor  |b BKTY  |c 35.00  |d 35.00  |i 3598217692  |n 0001402198  |s active 
938 |a YBP Library Services  |b YANK  |n 1251178 
948 |h HELD BY TXA - 198 OTHER HOLDINGS 
994 |a Z0  |b TXA 
999 f f |s 68d14ee9-70e4-3a1d-bfe0-5cde935e3310  |i 7ce9b8e3-59cb-379d-ac7b-9bd4df68311a  |t 0 
952 f f |p ric  |a Texas A&M University  |b Rellis Campus  |c Joint Library Facility  |d Remote Storage  |t 0  |e Z679 .A324 1987  |h Library of Congress classification  |i unmediated -- volume  |m A14810985623 
998 f f |a Z679 .A324 1987  |t 0  |l Remote Storage